Quiz Aveyron - Statistiques

Statistiques générales
  • Ce quiz a été pris 101 fois
  • Le résultat moyen est 8 sur 12
Statistiques - réponses
Question Réponse % Correct
Quel célèbre pèlerinage traverse l'Aveyron ? Le Chemin de Saint-Jacques-de-Compostelle
90%
Quel peuple occupait la région de l'Aveyron avant l'arrivée des Romains ? Les Gaulois Rutènes
90%
Quel célèbre peintre du XXe siècle est né à Rodez ? Pierre Soulages
90%
Quel produit artisanal est emblématique de l'Aveyron ? Les couteaux de Laguiole
88%
Outre le roquefort, quelle autre spécialité fromagère est produite en Aveyron ? Le Bleu des Causses
83%
Quelle village aveyronnais abrite une abbaye célèbre pour ses vitraux ? Conques
81%
Quelle est la rivière principale qui traverse Rodez ? L'Aveyron
78%
Quelle activité économique était historiquement important dans les Grnds Causses ? L'élevage ovin pour la laine
62%
Quelle viande est typiquement utilisée pour préparer le farçou, un plat traditionnel de l'Aveyron ? Le porc
59%
Quel rôle a joué l'Aveyron pendant la Révolution française ? Il était le soutien des idéaux républicains
36%
Les "Rougiers" de l'Aveyron doivent leur couleur caractéristique à : Une concentration de fer dans le sol
34%
Quel sommet est le plus culminant du département de l'Aveyron ? Le Signal de Mailheu-Biau
29%
Aucun quiz correspondant
Distribution des résultats
% des personnes avec chaque résultat
Percentile par nombre de réponses
Votre historique - résultats
Vous n’avez pas pris ce quiz